000 00366nam a2200145Ia 4500
008 240624s9999 xx 000 0 und d
041 _aeng
082 _a302.35 GRE
100 _aGREENWOOD ROYSTON
245 _aINSTITUTIONAL THEORY IN ORGANIZATION STU
260 _c2012
_aLondon
_bSage
300 _axxx, : 328 : p. : cm. ; 24
365 _cGBP
_b38
440 _v5
999 _c27621
_d27621